Science Quiz

Random Science or Country Quiz

Eclipse Countries (2001-2025) Quiz Stats

Quiz Updated Aug 21, 2017

Also try: Phases of the Moon
Challenge
Share
Tweet
Embed
Score 0/39 Timer 05:00
1 Play Today
Number of Eclipses Country % Correct
2United States of America
99.3%
2Canada
93.7%
2Russia
91.9%
2China
91.4%
1Mexico
88.8%
1Brazil
87.1%
2Australia
85%
1Japan
80%
3Argentina
79%
1India
77.9%
3Chile
74.7%
1Egypt
61.5%
1Indonesia
57.4%
1Mongolia
53.3%
1Norway
50.3%
1Turkey
47.9%
2Denmark
45.1%
1Libya
42.5%
1Kazakhstan
42%
1Niger
38.9%
Number of Eclipses Country % Correct
1Nigeria
37.9%
1Nepal
34.7%
1Bangladesh
29.4%
1Madagascar
28.3%
1Myanmar
26.8%
1Bhutan
25.6%
1Ghana
24.9%
2Angola
24.4%
2Zimbabwe
23.4%
2Zambia
20.9%
2Mozambique
20.5%
1Togo
20.2%
1Botswana
18.9%
1Benin
18.8%
1Côte d'Ivoire
16.3%
1Georgia
16.2%
1Micronesia
14.6%
2Marshall Islands
12.9%
2Kiribati
12.2%

You're not logged in!

Compare scores with friends on all Sporcle quizzes.
Sign Up with Email
OR
Log In

You Might Also Like...

Show Comments

Extras

Top Quizzes Today


Score Distribution

Your Account Isn't Verified!

In order to create a playlist on Sporcle, you need to verify the email address you used during registration. Go to your Sporcle Settings to finish the process.